Evaluación formativa para el docente
Salvato in:
| Autori principali: | , |
|---|---|
| Natura: | Libro |
| Lingua: | spagnolo |
| Pubblicazione: |
Barcelona
Paidós
1991
|
| Serie: | Paidos Educador, 99
|
| Soggetti: | |
| Tags: |
Aggiungi Tag
Nessun Tag, puoi essere il primo ad aggiungerne!!
|
MARC
| LEADER | 00000nam a2200000 a 4500 | ||
|---|---|---|---|
| 001 | UCW6585 | ||
| 003 | CL-VaPUC | ||
| 008 | 920406e19910000SP |||||||||||||||||spa|d | ||
| 082 | 0 | 4 | |a 370.71 |b CHA |2 21 |
| 100 | 0 | |a Chadwick, Clifton B |e author |9 311585 | |
| 700 | 0 | |a Rivera I., Nelson |e author |9 311586 | |
| 245 | 1 | 0 | |a Evaluación formativa para el docente |
| 300 | |a 183 p | ||
| 942 | |c BK | ||
| 945 | |d 19920406 00:00:00 | ||
| 260 | |a Barcelona |b Paidós |c 1991 | ||
| 650 | 0 | |a Formación profesional de profesores |9 307493 | |
| 650 | 0 | |a Evaluación de la educación |9 237505 | |
| 583 | |a last modification |c 19920406 00:00:00 |k Rodrigo Vera | ||
| 490 | 0 | |a Paidos Educador, 99 | |
| 999 | |c 219579 |d 219577 | ||
| 952 | |0 0 |1 0 |4 0 |6 370_710000000000000_CHA_1991 |7 0 |8 A |9 210668 |a BIBEDU |b BIBEDU |c ES_NOD |d 2019-11-15 |i 2788772 |o 370.71 CHA 1991 |p 2788772 |r 2023-08-09 |w 2019-11-15 |y BK |k EDU | ||